Schaum's outline of theory and porblems of statistics (Record no. 7820)

000 -LEADER
fixed length control field 00583nam a22002177a 4500
001 - CONTROL NUMBER
control field 7820
003 - CONTROL NUMBER IDENTIFIER
control field BD-DhUET
008 - FIXED-LENGTH DATA ELEMENTS--GENERAL INFORMATION
fixed length control field 141213b xxu||||| |||| 00| 0 eng d
020 ## - INTERNATIONAL STANDARD BOOK NUMBER
International Standard Book Number 070602271
020 ## - INTERNATIONAL STANDARD BOOK NUMBER
International Standard Book Number 0070990085
040 ## - CATALOGING SOURCE
Transcribing agency 0
Modifying agency BD-DhUET
082 ## - DEWEY DECIMAL CLASSIFICATION NUMBER
Classification number 519.9
Item number SPI/1961
100 ## - MAIN ENTRY--PERSONAL NAME
Personal name Spiegel, Murray R.
245 ## - TITLE STATEMENT
Title Schaum's outline of theory and porblems of statistics
Statement of responsibility, etc. in SI units
250 ## - EDITION STATEMENT
Edition statement 1st ed.
260 ## - PUBLICATION, DISTRIBUTION, ETC. (IMPRINT)
Place of publication, distribution, etc. New York
Name of publisher, distributor, etc. McGraw-Hill
Date of publication, distribution, etc. 1961
300 ## - PHYSICAL DESCRIPTION
Extent vii, 359p.
Other physical details ill.
Dimensions 35 cm.
490 ## - SERIES STATEMENT
Series statement Schau's outline series
650 #0 - SUBJECT ADDED ENTRY--TOPICAL TERM
Topical term or geographic name as entry element Statistical mathematics
942 ## - ADDED ENTRY ELEMENTS (KOHA)
Koha item type General Book
Holdings
Koha item type Not for loan Shelving location Copy number Koha normalized classification for sorting Damaged status Koha date last seen Sublocation or collection (holding branch) Location (home branch) Date acquired Source of classification or shelving scheme Withdrawn status Lost status Price effective from Koha full call number Piece designation (barcode)
General Book Circulation section1519_900000000000000_SPI_1961 2014-12-13Central Library, BUETCentral Library, BUET2014-12-13   2014-12-13519.9/SPI/196131835
General Book Circulation section2519_900000000000000_SPI_1961 2014-12-13Central Library, BUETCentral Library, BUET2014-12-13   2014-12-13519.9/SPI/196131855
General Book Circulation section3519_900000000000000_SPI_1961 2014-12-13Central Library, BUETCentral Library, BUET2014-12-13   2014-12-13519.9/SPI/196131842
General Book Circulation section4519_900000000000000_SPI_1961 2014-12-13Central Library, BUETCentral Library, BUET2014-12-13   2014-12-13519.9/SPI/196131824
General Book Circulation section5519_900000000000000_SPI_1961 2014-12-13Central Library, BUETCentral Library, BUET2014-12-13   2014-12-13519.9/SPI/196131814
General Book Circulation section6519_900000000000000_SPI_1961 2014-12-13Central Library, BUETCentral Library, BUET2014-12-13   2014-12-13519.9/SPI/196131841
General Book Circulation section7519_900000000000000_SPI_1961 2014-12-13Central Library, BUETCentral Library, BUET2014-12-13   2014-12-13519.9/SPI/196131818
General Book Circulation section8519_900000000000000_SPI_1961 2014-12-13Central Library, BUETCentral Library, BUET2014-12-13   2014-12-13519.9/SPI/196131861
General Book Circulation section9519_900000000000000_SPI_1961 2014-12-13Central Library, BUETCentral Library, BUET2014-12-13   2014-12-13519.9/SPI/196131823
General Book Circulation section10519_900000000000000_SPI_1961 2014-12-13Central Library, BUETCentral Library, BUET2014-12-13   2014-12-13519.9/SPI/196131862
General Book Circulation section11519_900000000000000_SPI_1961 2014-12-13Central Library, BUETCentral Library, BUET2014-12-13   2014-12-13519.9/SPI/196131856
Reading Item Reading section12519_900000000000000_SPI_1961 2015-07-09Central Library, BUETCentral Library, BUET2015-07-09   2015-07-09519.9/SPI/196131387